000 00810nam a2200265 a 4500
001 156708
003 OSt
005 20211007165408.0
008 190214 ### HIN
020 _a9781439860847
082 _a006.312
_bP88P
245 _aPractical graph mining with R
_cedited by Nagiza F. Samatova...[et al.]
260 _aBoca Raton
_bCRC Press
_c2014
300 _axxi, 473p.
490 _aChapman & Hall/CRC data mining and knowledge discovery series
653 _aR (Computer program language)
653 _aData mining
653 _aGraphic methods
700 _aSamatova, Nagiza F.
_eEditor
700 _aHendrix, William
_eEditor
700 _aJenkins, John
_eEditor
700 _aPadmanabhan, Kanchana
_eEditor
700 _aChakraborty, Arpan
_eEditor
942 _2ddc
_cBK
999 _c19099
_d19099